书目信息 |
| 题名: |
测量平差基础
|
|
| 作者: | 於宗俦 , 鲁林成 主编 | |
| 分册: | ||
| 出版信息: | 北京 测绘出版社 1983 |
|
| 页数: | 519页 | |
| 开本: | 25cm | |
| 丛书名: | ||
| 单 册: | ||
| 中图分类: | P207 | |
| 科图分类: | ||
| 主题词: | 测量平差--高等学校--教材 | |
| 电子资源: | ||
| ISBN: | ||
| 000 | 00743nam0 2200277 45 | |
| 001 | 0183006490 | |
| 005 | 20060601112404.73 | |
| 010 | @dCNY3.35 | |
| 091 | @a15039.288 | |
| 100 | @a19950516d1983 em y0chiy0121 ea | |
| 101 | 0 | @achi |
| 102 | @aCN@b110000 | |
| 105 | @ay z 000yy | |
| 106 | @ar | |
| 200 | 10 | @a测量平差基础@Ace liang ping cha ji chu@f於宗俦,鲁林成主编 |
| 205 | @a2版(增订本) | |
| 210 | @a北京@c测绘出版社@d1983 | |
| 215 | @a519页@d25cm | |
| 300 | @a高等学校试用教材 | |
| 606 | @a测量平差@x高等学校@x教材 | |
| 690 | @aP207@v3 | |
| 701 | 0 | @a於宗俦@Ayu zong chou@4主编 |
| 701 | 0 | @a鲁林成@Alu lin cheng@4主编 |
| 801 | 0 | @aCN@b上海图书馆@c20060601 |
| 801 | 2 | @aCN@bNLC@c20040520 |
| 905 | @f1@b118388@dP207@e20=2 | |
| 测量平差基础/於宗俦,鲁林成主编.-2版(增订本).-北京:测绘出版社,1983 |
| 519页;25cm |
| 高等学校试用教材 |
| ISBN :CNY3.35 |
| ● |
| 相关链接 |
|
|
|
|
正题名:测量平差基础
索取号:P207/20=2
 
预约/预借
| 序号 | 登录号 | 条形码 | 馆藏地/架位号 | 状态 | 备注 |
| 1 | 0118388 | 000625540 | 第三借阅区/ [索取号:P207/20=2] | 在馆 | |
| 2 | 0118389 | 202105845 | 第二样本阅览室/ [索取号:P207/20=2] | 在馆 |